<?xml version="1.0" encoding="UTF-8"?>
<record
    xmlns:xsi="http://www.w3.org/2001/XMLSchema-instance"
    xsi:schemaLocation="http://www.loc.gov/MARC21/slim http://www.loc.gov/standards/marcxml/schema/MARC21slim.xsd"
    xmlns="http://www.loc.gov/MARC21/slim">

  <leader>02115nam a2200289Ia 4500</leader>
  <controlfield tag="001">H4758</controlfield>
  <controlfield tag="003">IT-RoPAU</controlfield>
  <controlfield tag="008">130308s9999    xx            000 0 und d</controlfield>
  <datafield tag="040" ind1=" " ind2=" ">
    <subfield code="a">IT-RoPAU</subfield>
  </datafield>
  <datafield tag="040" ind1=" " ind2=" ">
    <subfield code="c">IT-RoPAU</subfield>
  </datafield>
  <datafield tag="041" ind1=" " ind2=" ">
    <subfield code="a">ITALIANO</subfield>
  </datafield>
  <datafield tag="100" ind1=" " ind2=" ">
    <subfield code="a">Caprettini Gianpaolo</subfield>
  </datafield>
  <datafield tag="100" ind1=" " ind2=" ">
    <subfield code="g">Codice Aut. SPICS: 11221</subfield>
  </datafield>
  <datafield tag="245" ind1=" " ind2=" ">
    <subfield code="a">Tutta colpa della tiv&#xF9;. I vizi (e le virt&#xF9;) della nostra, quotidiana piazza universale</subfield>
  </datafield>
  <datafield tag="245" ind1=" " ind2=" ">
    <subfield code="b">Tutta colpa della Tivu'. I vizi (E le Virtu') della Nostra, Quotidiana Piazza Universale</subfield>
  </datafield>
  <datafield tag="250" ind1=" " ind2=" ">
    <subfield code="a">1a ed.</subfield>
  </datafield>
  <datafield tag="260" ind1=" " ind2=" ">
    <subfield code="a">ROMA</subfield>
  </datafield>
  <datafield tag="260" ind1=" " ind2=" ">
    <subfield code="b">Donzelli</subfield>
  </datafield>
  <datafield tag="260" ind1=" " ind2=" ">
    <subfield code="c">2004 [1&#xB0; Ed.:2004 - Ed.Ling.Originale:2004]</subfield>
  </datafield>
  <datafield tag="300" ind1=" " ind2=" ">
    <subfield code="a">"143 p. (prefazione: 7; testo: 136 [pagine: 0-0])"</subfield>
  </datafield>
  <datafield tag="500" ind1=" " ind2=" ">
    <subfield code="a">"Televisione, Oscura o Illuminata?: profezia e luoghi Comuni; Dalle mura Domestiche Alla Piazza Universale. Zuppa Zapping, Uso e Consumo: flusso Come catena di Spot; Cucinare e Massaggiare; Sogni e Bisogni, Visionari e Televisionari. Corpo Come Esperanto Mediatico: Pelo e Sua Intimit&#xE0; Pubblica; Merda del Giorno Prima; Televisione Chirurgica? Fiction, Soap, Mythos, Storie e stereotipi Consolatori: Padrona delle Trame; Nuova Epoepa; Grande Storia e piccole Storie; Scoperta della Paura. Sport, Viaggi, riti Fiera delle Vanit&#xE0; e carnevale Permanente: Sanremo e Sanscemo; Tivu' Agenzia matrimoni e Viaggi; Incantesimo Verosimile; Calcio Reale, Calcio Virtuale. Emozioni da Condividere, pensiero  Selvaggio e pensiero  Televisivo: set della Vita; competizione e Aggressivita'; Scontri Epici e commedie Mediatiche; Etologia Televisiva. Talk Show e circolazione Discorsi. Kitsch, Ibrido Naturalizzato Ossia la Realt&#xE0; fuori dal Tempo. Fettina di Viterbo e Congiuntivo, Devoluzione e Involuzione. Televisione Piccola. Fare Televisione, Educare Alla Televisione. Caso Limite, Carmelo Bene Ospite di Carmelo Bene. Fiction che Non C'E', mondi Possibili e Tradizioni Orali. finale in Due Tempi, utopia e Fantasia: ideali troppo Semplici; Il Futuro? Retezero."</subfield>
  </datafield>
  <datafield tag="650" ind1=" " ind2=" ">
    <subfield code="a">SAGGI SULLA TELEVISIONE</subfield>
  </datafield>
  <datafield tag="650" ind1=" " ind2=" ">
    <subfield code="e">Codice materia Spics: 6961</subfield>
  </datafield>
  <datafield tag="942" ind1=" " ind2=" ">
    <subfield code="c">BK</subfield>
  </datafield>
  <datafield tag="957" ind1=" " ind2=" ">
    <subfield code="7">1</subfield>
  </datafield>
  <datafield tag="999" ind1=" " ind2=" ">
    <subfield code="c">94300</subfield>
    <subfield code="d">94300</subfield>
  </datafield>
  <datafield tag="999" ind1=" " ind2=" ">
    <subfield code="g">1</subfield>
  </datafield>
  <datafield tag="952" ind1=" " ind2=" ">
    <subfield code="0">0</subfield>
    <subfield code="1">0</subfield>
    <subfield code="4">0</subfield>
    <subfield code="6">H_000000000000000_4758</subfield>
    <subfield code="7">1</subfield>
    <subfield code="a">SPICS</subfield>
    <subfield code="b">SPICS</subfield>
    <subfield code="d">2013-03-08</subfield>
    <subfield code="l">0</subfield>
    <subfield code="o">H4758</subfield>
    <subfield code="r">2013-03-08 00:00:00</subfield>
    <subfield code="w">2013-03-08</subfield>
    <subfield code="y">BK</subfield>
    <subfield code="z">Progressivo inserimento:  46356 /  N. Volumi: 1 Copie: 1  / data import: 1 marzo 2013 - By Epidotti, Trombetti, Vaglietti. </subfield>
  </datafield>
</record>
